LEADER 01038nam0 22002771i 450 001 RML0257083 005 20231121125716.0 010 $a8814007578 100 $a20121121d1985 ||||0itac50 ba 101 | $aita 102 $ait 181 1$6z01$ai $bxxxe 182 1$6z01$an 200 1 $a˜Il œsuper-condominio$econdominio negli edifici, complessi immobiliari ed edifici complessi$fa cura di Raffaele Corona 210 $aMilano $cGiuffrè $d© 1985 215 $a166 p.$d23 cm 606 $aDiritto civile$xcondominio$2FIR$3RMLC403996$9I 702 1$aCorona$b, Rafaele$3RMLV165340 801 3$aIT$bIT-01$c20121121 850 $aIT-FR0098 899 $aBiblioteca Area Giuridico Economica$bFR0098 912 $aRML0257083 950 0$aBiblioteca Area Giuridico Economica$d 53DSG GIU09/018$e 53VM 0000280275 VM barcode:BAGE015638. - Inventario:9499. - Fondo:Sala consultazioneVM$fA $h20010423$i20121204 977 $a 53 996 $aSuper-condominio$9689426 997 $aUNICAS